Marokko-Quiz - Statistiken

Allgemein
  • Dieses Quiz wurde 4.025 mal gespielt
  • Das Durchschnittsergebnis liegt bei 12 aus 24
Antwortstatistiken
Frage Antwort % Korrekt
Afrikanische Länder, die an Marokko grenzen Algerien
91%
Amtssprachen Arabisch
90%
Fremdsprache, die von ca. 35% der Bürger gesprochen wird Französisch
86%
Hauptstadt von Marokko Rabat
86%
Afrikanische Länder, die an Marokko grenzen Mauretanien
82%
Meerenge zwischen Marokko und Spanien Straße von {Gibraltar}
79%
Stadt mit den meisten Einwohnern Casablanca
73%
Von Marokko beanspruchte Region, die von einigen als eigenes Land gesehen wird Westsahara
68%
Naheliegende spanische Inselgruppe Kanarische Inseln
63%
Stadt, in der sich der Marktplatz Djemaa el Fna befindet, der aktivste Afrikas Marrakesch
62%
Zwei größten Bergketten Atlas
55%
Stadt, nach der ein kegelförmiger roter Hut mit Quaste benannt ist Fes
47%
Region Nordafrikas, zu der Marokko gehört (Anfangsbuchstabe M) Maghreb
40%
Spanische Exklaven, die an Marokko grenzen Ceuta
36%
Nationalgericht Marokkos aus zermahlenem Grieß Couscous
36%
Altmodischer Begriff für die Nordafrikaner, die Spanien überfielen Mauren
31%
Spanische Exklaven, die an Marokko grenzen Melilla
28%
Nördlichste Stadt Marokkos, die einst eine Internationale Zone war Tanger
28%
Amtssprachen Berberisch
23%
Ausgestorbenes Nationaltier Berber{löwe}
23%
Währung Marokko Dirham
22%
Antike Seefahrer-Zivilisation, die Marokko vor dem Jahr 1000 v. Chr. kolonisierte Phönizien
19%
Zwei größten Bergketten Rif
12%
Wort mit Anfangsbuchstabe K, das eine ehemalige Militärfestung bezeichnet Kasbah
8%
Keine übereinstimmenden Quizze gefunden
Verteilung der Resultate
Anzahl Personen mit jedem Resultat
Perzentil nach korrekt beantworteten Fragen
Ihre Resultats-Entwicklung
Sie haben dieses Quiz noch nicht gespielt